|
|
|
|
| LEADER |
01672cas a2200241 a 4500 |
| 001 |
AALejournalIMF003406 |
| 008 |
230101c9999 xx r poo 0 0eng d |
| 020 |
|
|
|c 5.00 USD
|
| 020 |
|
|
|z 9781451813944
|
| 022 |
|
|
|a 1934-7685
|
| 040 |
|
|
|a BD-DhAAL
|c BD-DhAAL
|
| 110 |
2 |
|
|a International Monetary Fund.
|
| 245 |
1 |
0 |
|a Gabon :
|b First Review Under the Stand-By Arrangement.
|
| 264 |
|
1 |
|a Washington, D.C. :
|b International Monetary Fund,
|c 2005.
|
| 300 |
|
|
|a 1 online resource (85 pages)
|
| 490 |
1 |
|
|a IMF Staff Country Reports
|
| 500 |
|
|
|a <strong>Off-Campus Access:</strong> No User ID or Password Required
|
| 500 |
|
|
|a <strong>On-Campus Access:</strong> No User ID or Password Required
|
| 506 |
|
|
|a Electronic access restricted to authorized BRAC University faculty, staff and students
|
| 520 |
3 |
|
|a The staff report for the First Review Under the Stand-By Arrangement (SBA) on Gabon focuses on economic developments and policies. The economy is little diversified and heavily dependent on oil production, which is on a downward trend; the debt burden is high; and social indicators are weak. The program supported by the 14-month SBA aims at promoting non-oil GDP growth through wide-ranging structural reforms, while sustaining fiscal adjustment and improving public expenditure management. Progress has been made on the structural front, notably in the forestry sector and in the areas of privatization and budgetary management.
|
| 538 |
|
|
|a Mode of access: Internet
|
| 830 |
|
0 |
|a IMF Staff Country Reports; Country Report ;
|v No. 2005/003
|
| 856 |
4 |
0 |
|z Full text available on IMF
|u http://elibrary.imf.org/view/journals/002/2005/003/002.2005.issue-003-en.xml
|z IMF e-Library
|